Marine insurance fraud in international trade (Record no. 2709)

000 -LEADER
fixed length control field 00752nam a2200193Ia 4500
008 - FIXED-LENGTH DATA ELEMENTS--GENERAL INFORMATION
fixed length control field 200103s 1993 ||||xx |||||||||||||| ||und||
020 ## - INTERNATIONAL STANDARD BOOK NUMBER
International Standard Book Number 1856090477
082 ## - DEWEY DECIMAL CLASSIFICATION NUMBER
Classification number 368.2
Item number FOR
100 ## - MAIN ENTRY--PERSONAL NAME
Personal name Ford, Michael
245 #0 - TITLE STATEMENT
Title Marine insurance fraud in international trade
260 ## - PUBLICATION, DISTRIBUTION, ETC. (IMPRINT)
Name of publisher, distributor, etc Witherby & Co Ltd
Date of publication, distribution, etc 1993
Place of publication, distribution, etc London
300 ## - PHYSICAL DESCRIPTION
Extent xxxv, 281 p.
440 ## - SERIES STATEMENT/ADDED ENTRY--TITLE
Title Monument series
504 ## - BIBLIOGRAPHY, ETC. NOTE
Bibliography, etc Contents<br/><br/>Identifying fraud<br/>The climate for fraud<br/>Criminal fraud<br/>Civil fraud<br/>Brokers<br/>Assured-fraudulent claims<br/>Scuttling ('wilful casting away')<br/>Theft, deviation and barratry<br/>Jurisdiction in marine fraud<br/>Arbitrating marine fraud disputes<br/>
650 ## - SUBJECT ADDED ENTRY--TOPICAL TERM
Topical term or geographic name as entry element Maritime law
650 ## - SUBJECT ADDED ENTRY--TOPICAL TERM
Topical term or geographic name as entry element Marine insurance
650 ## - SUBJECT ADDED ENTRY--TOPICAL TERM
Topical term or geographic name as entry element Insurance fraud
942 ## - ADDED ENTRY ELEMENTS (KOHA)
Item type Books
Holdings
Withdrawn status Lost status Source of classification or shelving scheme Damaged status Not for loan Collection code Permanent location Current location Shelving location Date acquired Full call number Barcode Date last seen Koha item type Public note
          Non-fiction IMU-MPC Library IMU-MPC Library General Stacks 2020-01-08 368.2 FOR LBS8922 2025-03-17 Books Column - 1
Copyright © 2021 Indian Maritime University, Mumbai Port Campus. All Rights Reserved. Managed & Maintained by Central Library, IMU-Mumbai

webs counters

Powered by Koha